000 00326nam a2200121Ia 4500
008 240731s9999 xx 000 0 und d
022 _a1538-0254
245 0 _aJournal of Biomolecular Structure and Dynamics
260 _bTaylor & Francis
856 _uhttps://www.tandfonline.com/loi/tbsd20
942 _2ddc
942 _cTFEJ
999 _c77484
_d77484
945 _a1
_bMadushi Gamage
_c1
_dMadushi Gamage